000 00228nam a2200097Ia 4500
005 20251222114413.0
008 251222s1900||||xx |||||||||||||| ||spa||
082 _aDVD0070/S31/1976
245 0 _aTaxi Driver:Taxi Driver
942 _cDVD
999 _c2103
_d2103